000
00317nam a22001457a 4500
003
OSt
005
20211230085109.0
008
211230b |||||||| |||| 00| 0 eng d
020
_a
0130886742
040
_c
HU
082
_a
005.576
100
_a
Tapadlya
_9
26196
245
_a
Com+ProgrAmming
942
_2
ddc
_c
BOOKS
_n
0
999
_c
25125
_d
25125